| 000 | 01183nam2a22002411 4500 | ||
|---|---|---|---|
| 001 | RU\NLR\BIBL_A\022674723 | ||
| 005 | 20251207045552.0 | ||
| 010 |
_a5-85862-065-5 _950000 |
||
| 021 |
_aRU _b94-24857 |
||
| 035 | _a(NLR Aleph) 022674723 | ||
| 090 |
_a13472889 _c13472889 |
||
| 100 | _a20251128d1994 u y0rusy50 ca | ||
| 101 | 0 | _arus | |
| 102 | _aRU | ||
| 105 | _ay ||||||||| | ||
| 200 | 1 |
_aИз тупика _iПроникновение _e[Роман-хроника _fПод общ. ред. И.Л. Августинова] |
|
| 210 | _d1994 | ||
| 215 | _a333, [2] с. | ||
| 461 | 0 |
_1001RU\NLR\BIBL_A\022674596 _12001#$aСобрание сочинений$eВ 13 т. (18 кн.)$fВалентин Пикуль$g[Вступ. слово и сост. А.И. Пикуль$gПод общ. ред. Л.М. Кузнецова]$vТ. 7, кн. 1 _1700#1$aПикуль$bВ.С.$gВалентин Саввич$f1928-1990 _913472838 _aПикуль, В. С. (1928-1990) _cМосква _d1992- _fВалентин Пикуль _nНоватор _oВ 13 т. (18 кн.) _tСобрание сочинений _y5-85862-010-8 _vТ. 7, кн. 1 |
|
| 852 |
_aNLR _j91-5/5846 |
||
| 942 | _cBOOK | ||
| 980 | _aNB | ||